English is Easy (Record no. 25026)

MARC details
000 -LEADER
fixed length control field 00892nam a22002297a 4500
008 - FIXED-LENGTH DATA ELEMENTS--GENERAL INFORMATION
fixed length control field 090309t xxu||||| |||| 00| 0 eng d
010 ## - LCCN (DPL NO)
LC control number B-315689
020 ## - INTERNATIONAL STANDARD BOOK NUMBER
International Standard Book Number 97881904589
Terms of availability 225.00
035 ## - SYSTEM CONTROL NUMBER
System control number B-315689
037 ## - SOURCE OF ACQUISITION
Source of stock number/acquisition R.P/CL/Eng/E:12/20.1.09/24.1.09/29.1.09/31.1.09
040 ## - CATALOGING SOURCE
Original cataloging agency DPL
Language of cataloging English
082 ## - DEWEY DECIMAL CLASSIFICATION NUMBER
Classification number 486-SIN
100 ## - MAIN ENTRY--PERSONAL NAME
Personal name Singh,Chetananand
245 ## - TITLE STATEMENT
Title English is Easy
Statement of responsibility, etc by Chetananand Singh
260 ## - PUBLICATION, DISTRIBUTION, ETC. (IMPRINT)
Place of publication, distribution, etc Delhi
Name of publisher, distributor, etc BSC Publishing Co
Date of publication, distribution, etc 2007
270 ## - ADDRESS
Address C-37 Ganesh Nagar Pandav nagar
300 ## - PHYSICAL DESCRIPTION
Extent xii. 764
Dimensions 21cm(pbk)
366 ## - TRADE AVAILABILITY INFORMATION
Detailed date of publication 2007http://59.176.17.111:8093/cgi-bin/koha/cataloguing/addbiblio.pl?frameworkcode=BKS#
942 ## - ADDED ENTRY ELEMENTS (KOHA)
Source of classification or shelving scheme Dewey Decimal Classification
Item type English Books
Call number prefix 486
Call number suffix SIN
Holdings
Withdrawn status Lost status Source of classification or shelving scheme Damaged status Not for loan Home library Current library Date acquired Source of acquisition Cost, normal purchase price Total Checkouts Full call number Date last seen Copy number Cost, replacement price
    Dewey Decimal Classification     Central Library Central Library 09/03/2009 R.P 225.00   SIN 09/03/2009 1 225.00

© Delhi Public Library
Hit Counter
free hit counter